[Event "Campeonato de España por Equip"]
[Site "Burguillos"]
[Date "2009.08.05"]
[Round "1"]
[White "Paredes Sanchez, Juan"]
[Black "Ojaos Penalver, Abel"]
[Result "1/2-1/2"]
[WhiteElo "2217"]
[BlackElo "1995"]
[PlyCount "94"]
[EventDate "2009.08.05"]
[EventType "team"]
[EventRounds "6"]
[EventCountry "ESP"]
[WhiteTeam "C.A. AMIGOS DEL RETIRO"]
[BlackTeam "C.D. AJEDREZ LAPUERTA"]

1. b3 d5 2. Bb2 Bf5 3. Nf3 Nd7 4. g3 Ngf6 5. Bg2 e6 6. d3 Bc5 7. O-O O-O 8.
Nbd2 h6 9. Re1 Bh7 10. e4 dxe4 11. dxe4 c6 12. Qe2 Qc7 13. e5 Nd5 14. c4 Nb4
15. Ne4 Bxe4 16. Qxe4 Bb6 17. Qe2 a5 18. a3 Na6 19. Rad1 Ndc5 20. Qc2 Rad8 21.
Nd4 Nd7 22. f4 Rfe8 23. Kh1 Nf8 24. f5 Bxd4 25. Bxd4 exf5 26. Qxf5 Ne6 27. Ba1
Rxd1 28. Rxd1 Rd8 29. Rf1 Nac5 30. b4 axb4 31. axb4 Nb3 32. Bc3 Nbd4 33. Qe4
Qb8 34. h3 Ng5 35. Qe3 Nge6 36. Be4 Qa7 37. Bb1 c5 38. b5 Qa4 39. Bd3 b6 40. h4
Qa7 41. Qe4 Qd7 42. Qh7+ Kf8 43. Bg6 Ng5 44. hxg5 Qh3+ 45. Kg1 Qxg3+ 46. Kh1
Qh3+ 47. Kg1 Qg3+ 1/2-1/2

[Event "Campeonato de España por Equip"]
[Site "Burguillos"]
[Date "2009.08.05"]
[Round "1"]
[White "Moreno Ruiz, Javier"]
[Black "Baigorri Navarro, Fco  Javier"]
[Result "1-0"]
[WhiteElo "2418"]
[BlackElo "2199"]
[PlyCount "81"]
[EventDate "2009.08.05"]
[EventType "team"]
[EventRounds "6"]
[EventCountry "ESP"]
[WhiteTeam "C.A. MÓSTOLES"]
[BlackTeam "C.A. PUEBLO NUEVO"]

1. c4 c6 2. g3 d5 3. Bg2 Nf6 4. Nf3 g6 5. b3 Bg7 6. Bb2 O-O 7. O-O a5 8. d3 Na6
9. Na3 e6 10. Nc2 b6 11. Rb1 Bb7 12. Qd2 c5 13. Ne5 Qe7 14. e3 Rfd8 15. Rfd1
Nb4 16. a3 Nxc2 17. Qxc2 Rac8 18. Qe2 Ba6 19. Qe1 Qc7 20. b4 axb4 21. axb4 cxb4
22. Qxb4 dxc4 23. dxc4 Ne8 24. Nc6 Rd6 25. Bxg7 Kxg7 26. Qb2+ f6 27. Rxd6 Qxd6
28. Qxb6 Bxc4 29. h4 e5 30. Qb7+ Rc7 31. Qa8 Bd5 32. Bxd5 Qxd5 33. Qxe8 Qxc6
34. Qb8 h5 35. Kh2 Qc5 36. Rb2 Rd7 37. Ra2 Qf8 38. Qb5 Rf7 39. Qd5 Re7 40. Ra8
Re8 41. Qd7+ 1-0

[Event "Campeonato de España por Equip"]
[Site "Burguillos"]
[Date "2009.08.05"]
[Round "1"]
[White "Nieto De La Cruz, Julio"]
[Black "De La Fuente Gonzalez, Francisc"]
[Result "0-1"]
[WhiteElo "2132"]
[BlackElo "2230"]
[PlyCount "101"]
[EventDate "2009.08.05"]
[EventType "team"]
[EventRounds "6"]
[EventCountry "ESP"]
[WhiteTeam "C.A. PUEBLO NUEVO"]
[BlackTeam "C.A. MÓSTOLES"]

1. d4 d5 2. Nf3 Nf6 3. c4 c6 4. e3 Bf5 5. Nc3 e6 6. Ne5 Nbd7 7. g4 Bg6 8. h4 h5
9. Nxg6 fxg6 10. Bd3 Kf7 11. Qc2 Nxg4 12. Bxg6+ Kg8 13. cxd5 cxd5 14. e4 Nb6
15. Ne2 Rc8 16. Qd3 Qf6 17. Nf4 Rxc1+ 18. Rxc1 Qxf4 19. Rc2 Rh6 20. exd5 Nxd5
21. a3 Nxf2 22. Rxf2 Qc1+ 23. Qd1 Qxd1+ 24. Kxd1 Rxg6 25. Re1 Be7 26. Re4 Rg4
27. Rxe6 Rxd4+ 28. Kc2 Bxh4 29. Rf5 Nf6 30. Re7 Rd5 31. Rxd5 Nxd5 32. Rxb7 Bf2
33. Kd2 Kh7 34. Ke2 Bb6 35. b4 h4 36. Kf3 Kh6 37. Rd7 Nf6 38. Rd6 Kg5 39. a4 h3
40. a5 h2 41. Kg2 Bg1 42. b5 Ne4 43. Rd1 Ng3 44. Rxg1 hxg1=Q+ 45. Kxg1 Ne2+ 46.
Kf2 Nd4 47. b6 a6 48. Ke3 Nc6 49. b7 Kf5 50. b8=Q Nxb8 51. Kd4 0-1

[Event "Campeonato de España por Equip"]
[Site "Burguillos"]
[Date "2009.08.05"]
[Round "1"]
[White "Ivanovitch Balsinde, Nicolas"]
[Black "Alvarez Abejon, Amilcar"]
[Result "1-0"]
[WhiteElo "2196"]
[BlackElo "2063"]
[PlyCount "59"]
[EventDate "2009.08.05"]
[EventType "team"]
[EventRounds "6"]
[EventCountry "ESP"]
[WhiteTeam "C.A. MÓSTOLES"]
[BlackTeam "C.A. PUEBLO NUEVO"]

1. e4 e6 2. d4 d5 3. exd5 exd5 4. Nf3 Bd6 5. c4 Nf6 6. Nc3 O-O 7. Bd3 Re8+ 8.
Be3 Nc6 9. O-O Bg4 10. a3 Bf8 11. b4 Qd7 12. h3 Bf5 13. Rc1 Bxd3 14. Qxd3 dxc4
15. Qxc4 a6 16. Rfd1 Bd6 17. Qd3 h6 18. Nd2 Ne7 19. Nde4 Nxe4 20. Qxe4 c6 21.
Qf3 a5 22. d5 axb4 23. dxc6 Qf5 24. cxb7 Qxf3 25. gxf3 Rab8 26. Rxd6 bxc3 27.
Rd7 Rbd8 28. Rxd8 Rxd8 29. Rxc3 Rb8 30. Rb3 1-0

[Event "Campeonato de España por Equip"]
[Site "Burguillos"]
[Date "2009.08.05"]
[Round "1"]
[White "Del Barrio Garcia, Alberto"]
[Black "Lopez Gomez, Miguel"]
[Result "1/2-1/2"]
[WhiteElo "1921"]
[BlackElo "2083"]
[PlyCount "89"]
[EventDate "2009.08.05"]
[EventType "team"]
[EventRounds "6"]
[EventCountry "ESP"]
[WhiteTeam "C.A. PUEBLO NUEVO"]
[BlackTeam "C.A. MÓSTOLES"]

1. e4 e6 2. d4 d5 3. Nc3 Bb4 4. Nge2 Nc6 5. e5 f6 6. exf6 Qxf6 7. Be3 Nge7 8.
Ng3 e5 9. Bb5 O-O 10. Bxc6 Nxc6 11. O-O Rd8 12. Nce2 exd4 13. Nxd4 Ne5 14. Nb3
c6 15. Bd4 Qe7 16. c3 Bd6 17. f4 Ng4 18. Qf3 Qh4 19. h3 Rf8 20. hxg4 Rxf4 21.
Qxf4 Bxf4 22. Rxf4 Qxg3 23. Raf1 Bxg4 24. Rf7 Bh5 25. Rxb7 Rf8 26. Rxg7+ Qxg7
27. Bxg7 Kxg7 28. Nd4 Rxf1+ 29. Kxf1 Be8 30. b4 Kf6 31. Kf2 Ke5 32. Ke3 Kd6 33.
Nb3 Ke5 34. Nc5 Bg6 35. a4 Bc2 36. a5 Bf5 37. Nb3 Bg6 38. Nd2 Bf5 39. Nf1 Bg6
40. Nh2 Be4 41. g3 Bg2 42. Ng4+ Kf5 43. Nf2 Bf1 44. Kd4 Be2 45. Ke3 1/2-1/2

[Event "Campeonato de España por Equip"]
[Site "Burguillos"]
[Date "2009.08.05"]
[Round "1"]
[White "Garcia Luque, Agustin"]
[Black "Moreno Trujillo, Alejandro"]
[Result "0-1"]
[WhiteElo "2387"]
[BlackElo "2431"]
[PlyCount "74"]
[EventDate "2009.08.05"]
[EventType "team"]
[EventRounds "6"]
[EventCountry "ESP"]
[WhiteTeam "PEÑA OROMANA (-6)"]
[BlackTeam "C.A. 64 VILLALBA"]

1. Nf3 d5 2. g3 Nf6 3. Bg2 c6 4. O-O Bg4 5. d3 Nbd7 6. h3 Bxf3 7. Bxf3 e5 8.
Bg2 Bc5 9. c4 dxc4 10. dxc4 O-O 11. Nc3 Qe7 12. Na4 Bd4 13. e3 Bc5 14. Qc2 Bd6
15. Rd1 Rfd8 16. Bd2 a5 17. a3 h6 18. Bc3 e4 19. c5 Bc7 20. Qb3 Rab8 21. Bxf6
gxf6 22. Rd4 f5 23. Rad1 Be5 24. R4d2 Kg7 25. Qc2 h5 26. h4 Bf6 27. Bh3 Kg6 28.
Kg2 Ne5 29. Rd6 Nd3 30. f3 Kg7 31. R1xd3 exd3 32. Qxd3 Be5 33. Qxf5 Bxd6 34.
cxd6 Rxd6 35. Qf4 Rd2+ 36. Kg1 Rbd8 37. Bf1 Qf6 0-1

[Event "Campeonato de España por Equip"]
[Site "Burguillos"]
[Date "2009.08.05"]
[Round "1"]
[White "Bolado Saez, Sergio"]
[Black "Gonzalez Marquez, Antonio Jesus"]
[Result "1-0"]
[WhiteElo "2326"]
[BlackElo "2100"]
[PlyCount "99"]
[EventDate "2009.08.05"]
[EventType "team"]
[EventRounds "6"]
[EventCountry "ESP"]
[WhiteTeam "C.A. 64 VILLALBA"]
[BlackTeam "PEÑA OROMANA (-6)"]

1. d4 d5 2. c4 c6 3. Nf3 Nf6 4. Nc3 e6 5. Bg5 Be7 6. e3 Nbd7 7. Qc2 O-O 8. a3
a5 9. Bd3 dxc4 10. Bxc4 b6 11. Qe2 Nd5 12. Bxe7 Qxe7 13. O-O Bb7 14. e4 Nxc3
15. bxc3 e5 16. a4 Rfe8 17. Rfe1 Qf6 18. Rab1 Re7 19. dxe5 Nxe5 20. Rxb6 Nxc4
21. Qxc4 Rae8 22. e5 Qf5 23. Reb1 Bc8 24. Qxc6 Bd7 25. Qc4 Rc8 26. Qd4 Bc6 27.
Nh4 Qc2 28. R6b2 Qxa4 29. Nf5 Rec7 30. c4 Be8 31. Qg4 g6 32. Ne7+ Rxe7 33. Qxc8
Rxe5 34. h4 Kg7 35. Qg4 Re6 36. Qd4+ Kg8 37. Rb8 Qc6 38. Qd5 Kg7 39. Rd8 Qc7
40. Qd4+ Qe5 41. Qxe5+ Rxe5 42. Rd5 Rxd5 43. cxd5 Kf6 44. Re1 Bd7 45. f4 a4 46.
Re3 Bb5 47. Kf2 Bc4 48. d6 Bb5 49. g4 Bd7 50. g5+ 1-0

[Event "Campeonato de España por Equip"]
[Site "Burguillos"]
[Date "2009.08.05"]
[Round "1"]
[White "Moncada Rodriguez, Cristobal"]
[Black "Inigo Munoz, Javier"]
[Result "0-1"]
[WhiteElo "1938"]
[BlackElo "2155"]
[PlyCount "40"]
[EventDate "2009.08.05"]
[EventType "team"]
[EventRounds "6"]
[EventCountry "ESP"]
[WhiteTeam "PEÑA OROMANA (-6)"]
[BlackTeam "C.A. 64 VILLALBA"]

1. e4 e6 2. d4 d5 3. Nd2 dxe4 4. Nxe4 Nd7 5. Nf3 Ngf6 6. Nxf6+ Nxf6 7. Bd3 b6
8. Ne5 Qd5 9. Nf3 Bb7 10. O-O Bd6 11. c4 Qh5 12. Qa4+ Kf8 13. Ne5 Bxe5 14. dxe5
Qg4 15. Qa3+ c5 16. f3 Qd4+ 17. Kh1 Qxe5 18. f4 Qh5 19. Bc2 Qe2 20. Rg1 Qxc2
0-1

[Event "Campeonato de España por Equip"]
[Site "Burguillos"]
[Date "2009.08.05"]
[Round "1"]
[White "Blasco De La Cruz, Luis"]
[Black "Romero Lopez, Cristina"]
[Result "1/2-1/2"]
[WhiteElo "2045"]
[BlackElo "1741"]
[PlyCount "79"]
[EventDate "2009.08.05"]
[EventType "team"]
[EventRounds "6"]
[EventCountry "ESP"]
[WhiteTeam "C.A. 64 VILLALBA"]
[BlackTeam "PEÑA OROMANA (-6)"]

1. e4 e6 2. d4 d5 3. exd5 exd5 4. Bd3 Nc6 5. c3 Bd6 6. Qf3 Nf6 7. h3 h6 8. Ne2
Be6 9. Be3 Qd7 10. Nd2 O-O-O 11. O-O-O Na5 12. Nf4 Bxf4 13. Bxf4 Bf5 14. Bxf5
Qxf5 15. g4 Qg6 16. Be5 Ne4 17. Rhe1 Nxd2 18. Rxd2 Nc4 19. Rde2 f6 20. Bg3 Rd7
21. Re7 Rhd8 22. b3 Na3 23. Qf5 Qxf5 24. gxf5 Nb5 25. Kd2 Rxe7 26. Rxe7 Rd7 27.
Re8+ Rd8 28. Rxd8+ Kxd8 29. a4 Nd6 30. Bxd6 cxd6 31. c4 dxc4 32. bxc4 Kc7 33.
Kd3 Kb6 34. Ke4 Kc6 35. Kf4 d5 36. c5 b6 37. cxb6 Kxb6 38. Kg4 Ka5 39. Kh5 Kxa4
40. Kg6 1/2-1/2

[Event "Campeonato de España por Equip"]
[Site "Burguillos"]
[Date "2009.08.06"]
[Round "2"]
[White "Campora, Daniel H"]
[Black "Espinosa Aranda, Angel"]
[Result "1/2-1/2"]
[WhiteElo "2492"]
[BlackElo "2350"]
[PlyCount "80"]
[EventDate "2009.08.05"]
[EventType "team"]
[EventRounds "6"]
[EventCountry "ESP"]
[WhiteTeam "C.A. LAURUS RONDA"]
[BlackTeam "C.D.E. ALMAGRO"]

1. e4 c5 2. Nf3 d6 3. Bb5+ Bd7 4. Bxd7+ Qxd7 5. O-O Nc6 6. Re1 Nf6 7. c4 e5 8.
Nc3 Be7 9. d3 O-O 10. a3 Rfd8 11. Rb1 Ne8 12. b4 b6 13. b5 Nd4 14. Nxd4 cxd4
15. Nd5 Nc7 16. Nb4 Re8 17. a4 a5 18. bxa6 Reb8 19. Re2 Nxa6 20. Nd5 Nc5 21.
Rxb6 Bd8 22. Rxb8 Rxb8 23. Rb2 Rxb2 24. Bxb2 Qxa4 25. Qxa4 Nxa4 26. Ba3 Nc5 27.
Bxc5 dxc5 28. Kf1 f6 29. Ke2 Kf7 30. Kd2 Ke6 31. Kc2 Kd7 32. Kb3 Kc6 33. Ka4 h5
34. g3 g6 35. h3 f5 36. f3 h4 37. g4 fxg4 38. fxg4 g5 39. Kb3 Kb7 40. Ka3 Ka7
1/2-1/2

[Event "Campeonato de España por Equip"]
[Site "Burguillos"]
[Date "2009.08.06"]
[Round "2"]
[White "Garcia Moral Garcia, Jose Danie"]
[Black "Perez Pardo, Juan Carlos"]
[Result "1/2-1/2"]
[WhiteElo "2326"]
[BlackElo "2280"]
[PlyCount "114"]
[EventDate "2009.08.05"]
[EventType "team"]
[EventRounds "6"]
[EventCountry "ESP"]
[WhiteTeam "C.D.E. ALMAGRO"]
[BlackTeam "C.A. LAURUS RONDA"]

1. e4 c5 2. Nf3 Nc6 3. d4 cxd4 4. Nxd4 e6 5. Nc3 Qc7 6. Nb3 a6 7. g3 d6 8. Bg2
b5 9. O-O Bb7 10. Re1 Be7 11. a4 b4 12. Na2 Nf6 13. c3 bxc3 14. Nxc3 O-O 15. a5
Ne5 16. Bf4 Rac8 17. Rc1 Qb8 18. Na4 Rxc1 19. Nxc1 Ng6 20. Nd3 Nxf4 21. gxf4 g6
22. b4 Bc6 23. Nb6 Qb7 24. Qe2 Nd7 25. Nxd7 Qxd7 26. f5 e5 27. Qf3 Kg7 28. Qg3
Bb5 29. f4 Bf6 30. fxg6 hxg6 31. f5 Qe7 32. Rc1 Bg5 33. Rc2 Qa7+ 34. Nf2 Be3
35. Rc3 Bxf2+ 36. Qxf2 Qxf2+ 37. Kxf2 gxf5 38. exf5 Kf6 39. Be4 Rd8 40. Bd5 Rh8
41. Kg3 Rg8+ 42. Kf2 Rg4 43. Rc7 Kxf5 44. Rxf7+ Kg6 45. Re7 Rd4 46. Re6+ Kg5
47. Bg2 Rd2+ 48. Kg3 Kf5 49. Bh3+ Ke4 50. Bg2+ Kf5 51. Bh3+ Kg5 52. Bg2 Bc4 53.
h4+ Kf5 54. Re8 Rd3+ 55. Kf2 Rd2+ 56. Kg3 Rd3+ 57. Kf2 Rd2+ 1/2-1/2

[Event "Campeonato de España por Equip"]
[Site "Burguillos"]
[Date "2009.08.06"]
[Round "2"]
[White "Naranjo Moreno, Antonio"]
[Black "Fernandez Barrera, Victor"]
[Result "1/2-1/2"]
[WhiteElo "2244"]
[BlackElo "2309"]
[PlyCount "38"]
[EventDate "2009.08.05"]
[EventType "team"]
[EventRounds "6"]
[EventCountry "ESP"]
[WhiteTeam "C.A. LAURUS RONDA"]
[BlackTeam "C.D.E. ALMAGRO"]

1. e4 e6 2. d4 d5 3. Nd2 Be7 4. Bd3 c5 5. dxc5 Nf6 6. Qe2 Nc6 7. Ngf3 Nb4 8.
Nb3 Nxd3+ 9. cxd3 a5 10. a4 b6 11. e5 Nd7 12. c6 Nc5 13. Nbd4 Ba6 14. Nb5 O-O
15. Nfd4 f6 16. Bf4 g5 17. Bg3 f5 18. f4 Kh8 19. O-O g4 1/2-1/2

[Event "Campeonato de España por Equip"]
[Site "Burguillos"]
[Date "2009.08.06"]
[Round "2"]
[White "Valles Moreno, Ivan"]
[Black "Cruz Ravina, Francisco Javier"]
[Result "0-1"]
[WhiteElo "2428"]
[BlackElo "2345"]
[PlyCount "168"]
[EventDate "2009.08.05"]
[EventType "team"]
[EventRounds "6"]
[EventCountry "ESP"]
[WhiteTeam "C.A. AMIGOS DEL RETIRO"]
[BlackTeam "C.A. ALGECIRAS"]

1. d4 Nf6 2. c4 d6 3. Nc3 e5 4. Nf3 Nbd7 5. e4 g6 6. Be2 Bg7 7. O-O O-O 8. Be3
Ng4 9. Bg5 f6 10. Bh4 Nh6 11. dxe5 dxe5 12. Qd2 Nf7 13. Rfd1 c6 14. b4 Qe7 15.
c5 Re8 16. Bc4 Nf8 17. Qc2 Be6 18. Be2 Bg4 19. Nd2 Bxe2 20. Nxe2 Red8 21. Nb3
Rxd1+ 22. Rxd1 Rd8 23. f3 Bh6 24. a4 Ne6 25. Rd3 Kg7 26. Kf1 Rxd3 27. Qxd3 Qd8
28. Qxd8 Nfxd8 29. Bf2 Kf7 30. g3 Ke7 31. h4 Kd7 32. Nc3 Bf8 33. Be3 Nf7 34.
Ke2 h5 35. Nd1 f5 36. exf5 gxf5 37. Nb2 Nc7 38. Na5 Nd5 39. Nd3 Kc7 40. Nc4 Bg7
41. Bd2 Bf6 42. Be1 Kd7 43. Nf2 Be7 44. Nd1 Bf6 45. Nde3 Nxe3 46. Kxe3 Bd8 47.
b5 Ke6 48. Kd3 a6 49. b6 Be7 50. Bf2 Kd5 51. Ne3+ Ke6 52. Nc4 Kd5 53. Ne3+ Ke6
54. Kc4 e4 55. fxe4 fxe4 56. Kd4 Ne5 57. Kxe4 Bxc5 58. a5 Bxe3 59. Bxe3 Nc4 60.
Bd4 Nd6+ 61. Kf4 Nf5 62. Bb2 c5 63. Ba1 c4 64. Bb2 Ne7 65. Kg5 Nf5 66. Kxh5
Nxg3+ 67. Kg4 Ne2 68. Kf3 c3 69. Ba3 Nd4+ 70. Ke4 Nf5 71. h5 Ng3+ 72. Kd3 Nxh5
73. Kxc3 Kd5 74. Kb3 Nf6 75. Bf8 Nd7 76. Bg7 Nb8 77. Ka4 Kc4 78. Bh6 Nd7 79.
Bd2 Nc5+ 80. Ka3 Kb5 81. Kb2 Ne4 82. Be1 Nd6 83. Kc3 Kxa5 84. Bf2 Ne4+ 0-1

[Event "Campeonato de España por Equip"]
[Site "Burguillos"]
[Date "2009.08.06"]
[Round "2"]
[White "Montero Melendez, Rafael"]
[Black "Perez Gonzalez, Jose Manuel"]
[Result "1/2-1/2"]
[WhiteElo "2249"]
[BlackElo "2307"]
[PlyCount "65"]
[EventDate "2009.08.05"]
[EventType "team"]
[EventRounds "6"]
[EventCountry "ESP"]
[WhiteTeam "C.A. ALGECIRAS"]
[BlackTeam "C.A. AMIGOS DEL RETIRO"]

1. c4 Nf6 2. Nc3 g6 3. d4 Bg7 4. e4 d6 5. Nf3 O-O 6. h3 c5 7. d5 b5 8. cxb5 a6
9. bxa6 Nbd7 10. Bg5 Qa5 11. Qd2 Bxa6 12. Bxa6 Qxa6 13. Qe2 Rfb8 14. Rb1 Ne8
15. Qxa6 Rxa6 16. O-O Rab6 17. Na4 Rb4 18. b3 c4 19. Nd2 cxb3 20. axb3 Bd4 21.
Rbe1 f6 22. Be3 Nc7 23. Bxd4 Rxd4 24. Re2 Na6 25. Ra1 Nac5 26. Nxc5 Nxc5 27.
Ra7 Kf8 28. f3 Rdb4 29. Kh2 Nxb3 30. Nxb3 Rxb3 31. Rc2 R3b7 32. Rxb7 Rxb7 33.
Kg3 1/2-1/2

[Event "Campeonato de España por Equip"]
[Site "Burguillos"]
[Date "2009.08.06"]
[Round "2"]
[White "Fernandez Garcia, Miguel Angel"]
[Black "Osuna Vega, Enrique"]
[Result "1/2-1/2"]
[WhiteElo "2269"]
[BlackElo "2113"]
[PlyCount "80"]
[EventDate "2009.08.05"]
[EventType "team"]
[EventRounds "6"]
[EventCountry "ESP"]
[WhiteTeam "C.A. AMIGOS DEL RETIRO"]
[BlackTeam "C.A. ALGECIRAS"]

1. d4 Nf6 2. c4 g6 3. Nc3 d5 4. Nf3 Bg7 5. Bg5 Ne4 6. Bh4 Nxc3 7. bxc3 dxc4 8.
e3 b5 9. a4 c6 10. Be2 Bb7 11. Qb1 a6 12. Bxc4 O-O 13. O-O Nd7 14. Be2 Qe8 15.
Nd2 e5 16. Re1 Qe6 17. Qb3 Rfe8 18. Rab1 c5 19. Qxe6 Rxe6 20. dxc5 Nxc5 21.
axb5 e4 22. bxa6 Bxa6 23. Bxa6 Rexa6 24. Be7 Bxc3 25. Bxc5 Bxd2 26. Red1 Bc3
27. Rbc1 Ra1 28. Rxa1 Rxa1 29. Rxa1 Bxa1 30. Kf1 Be5 31. h3 f5 32. h4 Kf7 33.
g3 Bc3 34. Bb6 Kg7 35. Bc7 Kh6 36. Kg2 Kh5 37. Bf4 Kg4 38. Bc7 Bf6 39. Bf4 Bg7
40. Bc7 Bf8 1/2-1/2

[Event "Campeonato de España por Equip"]
[Site "Burguillos"]
[Date "2009.08.06"]
[Round "2"]
[White "Vinas Guerrero, Carlos A"]
[Black "Paredes Sanchez, Juan"]
[Result "1-0"]
[WhiteElo "2104"]
[BlackElo "2217"]
[PlyCount "167"]
[EventDate "2009.08.05"]
[EventType "team"]
[EventRounds "6"]
[EventCountry "ESP"]
[WhiteTeam "C.A. ALGECIRAS"]
[BlackTeam "C.A. AMIGOS DEL RETIRO"]

1. e4 c5 2. Nf3 d6 3. Bb5+ Bd7 4. Bxd7+ Qxd7 5. O-O Nc6 6. Re1 Nf6 7. c4 e6 8.
d4 cxd4 9. Nxd4 Be7 10. Nc3 O-O 11. Be3 Rfc8 12. Rc1 Nxd4 13. Qxd4 Ng4 14. b3
Nxe3 15. Qxe3 Rc6 16. Rcd1 a6 17. a4 Rac8 18. Rd3 Kf8 19. Qh3 Kg8 20. Qe3 Bf8
21. Red1 Qc7 22. g3 Qa5 23. Ne2 Qe5 24. Nd4 Rc5 25. Nf3 Qh5 26. Nd4 g6 27. Kg2
Bh6 28. Qe2 Qxe2 29. Nxe2 Bf8 30. Nc3 g5 31. f4 Be7 32. Kf3 Kg7 33. h3 R8c7 34.
R1d2 Kg6 35. Rd1 R5c6 36. R1d2 Rb6 37. f5+ Kg7 38. Ne2 Kf6 39. Nd4 h5 40. g4
hxg4+ 41. hxg4 Rc8 42. Rh2 e5 43. Ne2 Kg7 44. Kf2 Bf8 45. Rdh3 Rbc6 46. Nc3 Rc5
47. Nd5 Rxd5 48. exd5 b5 49. axb5 axb5 50. Rc3 Kf6 51. Ke3 Be7 52. Kd3 Rc5 53.
Ra2 Bd8 54. Ra6 Ke7 55. Ra7+ Ke8 56. Ra6 Ke7 57. Ke4 Kd7 58. Ra7+ Ke8 59. Rh3
Bc7 60. Rh8+ Kd7 61. Kd3 bxc4+ 62. bxc4 Ke7 63. Rc8 Kd7 64. Rh8 Ke7 65. Rh1 Kf6
66. Rb1 e4+ 67. Kd4 e3 68. Ra2 Ba5 69. Rb5 Bd2 70. Kd3 Rc7 71. Ra1 Ke5 72. Rb6
Rd7 73. Rba6 Kf4 74. Ra7 Rxa7 75. Rxa7 f6 76. Rf7 Kxg4 77. Rxf6 Kf4 78. Rxd6
Kxf5 79. Rd8 Ke5 80. Re8+ Kf4 81. d6 g4 82. d7 Ba5 83. d8=Q Bxd8 84. Rxd8 1-0

[Event "Campeonato de España por Equip"]
[Site "Burguillos"]
[Date "2009.08.06"]
[Round "2"]
[White "Moreno Trujillo, Alejandro"]
[Black "Moreno Ruiz, Javier"]
[Result "1/2-1/2"]
[WhiteElo "2431"]
[BlackElo "2418"]
[PlyCount "80"]
[EventDate "2009.08.05"]
[EventType "team"]
[EventRounds "6"]
[EventCountry "ESP"]
[WhiteTeam "C.A. 64 VILLALBA"]
[BlackTeam "C.A. MÓSTOLES"]

1. d4 Nf6 2. c4 e6 3. Nc3 Bb4 4. e3 b6 5. Nge2 Bb7 6. a3 Bd6 7. d5 Qe7 8. g3
Na6 9. Bg2 h5 10. h3 exd5 11. cxd5 Nc5 12. b4 Nce4 13. Qd3 Nxc3 14. Nxc3 a5 15.
b5 O-O-O 16. Bb2 Rde8 17. Kd2 Kb8 18. Rhe1 Be5 19. Rac1 d6 20. Kc2 Nd7 21. f4
Nc5 22. Qc4 Bxc3 23. Bxc3 f5 24. Kb2 Qf7 25. Bd4 Ne4 26. Bxe4 Rxe4 27. Rg1 Bxd5
28. Qc3 Re7 29. Ka1 Be4 30. Kb2 Kb7 31. a4 Rc8 32. Qb3 Bd5 33. Qd3 Rg8 34. Rgd1
Be4 35. Qc4 Qxc4 36. Rxc4 h4 37. Rg1 Rh8 38. Rcc1 Rh7 39. gxh4 Rxh4 40. Rg3 Rf7
1/2-1/2

[Event "Campeonato de España por Equip"]
[Site "Burguillos"]
[Date "2009.08.06"]
[Round "2"]
[White "De La Fuente Gonzalez, Francisc"]
[Black "Bolado Saez, Sergio"]
[Result "1/2-1/2"]
[WhiteElo "2230"]
[BlackElo "2326"]
[PlyCount "60"]
[EventDate "2009.08.05"]
[EventType "team"]
[EventRounds "6"]
[EventCountry "ESP"]
[WhiteTeam "C.A. MÓSTOLES"]
[BlackTeam "C.A. 64 VILLALBA"]

1. c4 e5 2. g3 Nc6 3. Bg2 f5 4. Nc3 Nf6 5. d3 Bb4 6. Bd2 O-O 7. a3 Bxc3 8. Bxc3
d6 9. Nf3 Qe8 10. O-O Qh5 11. e3 f4 12. exf4 exf4 13. d4 Bg4 14. Qd3 Bf5 15.
Qd1 Bg4 16. Qd3 d5 17. cxd5 Nxd5 18. Rae1 Kh8 19. h4 Rad8 20. Ng5 f3 21. Bh3
Nf4 22. Bxg4 Qxg5 23. hxg5 Nxd3 24. Re3 Nxd4 25. Bxd4 Rxd4 26. Bxf3 Nxb2 27.
Bxb7 Rd2 28. Ba6 Nd1 29. Re2 Rfd8 30. Rfe1 Rxe2 1/2-1/2

[Event "Campeonato de España por Equip"]
[Site "Burguillos"]
[Date "2009.08.06"]
[Round "2"]
[White "Inigo Munoz, Javier"]
[Black "Ivanovitch Balsinde, Nicolas"]
[Result "1/2-1/2"]
[WhiteElo "2155"]
[BlackElo "2196"]
[PlyCount "29"]
[EventDate "2009.08.05"]
[EventType "team"]
[EventRounds "6"]
[EventCountry "ESP"]
[WhiteTeam "C.A. 64 VILLALBA"]
[BlackTeam "C.A. MÓSTOLES"]

1. d4 Nf6 2. e3 c5 3. Bd3 g6 4. Nd2 cxd4 5. exd4 Bg7 6. f4 d6 7. c3 O-O 8. Ngf3
Nc6 9. O-O e5 10. fxe5 dxe5 11. Nxe5 Nxe5 12. dxe5 Qb6+ 13. Kh1 Ng4 14. Qe2
Nxe5 15. Nc4 1/2-1/2

[Event "Campeonato de España por Equip"]
[Site "Burguillos"]
[Date "2009.08.06"]
[Round "2"]
[White "Arauz Alonso, Fernando"]
[Black "Osorio Ramos, Francisco"]
[Result "1/2-1/2"]
[WhiteElo "2155"]
[BlackElo "1953"]
[PlyCount "181"]
[EventDate "2009.08.05"]
[EventType "team"]
[EventRounds "6"]
[EventCountry "ESP"]
[WhiteTeam "C.A. MÓSTOLES"]
[BlackTeam "C.A. 64 VILLALBA"]

1. d4 g6 2. Nf3 Bg7 3. e4 d6 4. Bd3 c5 5. d5 Nf6 6. O-O O-O 7. c3 a6 8. a4 Bg4
9. Na3 Nbd7 10. h3 Bxf3 11. Qxf3 Ne5 12. Qe2 Nxd3 13. Qxd3 b5 14. Bd2 Qb8 15.
Bg5 b4 16. Nc4 h6 17. Bh4 Re8 18. f4 Nd7 19. Bg3 a5 20. e5 Nb6 21. Nxb6 Qxb6
22. c4 Rf8 23. Rae1 Rae8 24. b3 Qd8 25. e6 f5 26. Re2 Bf6 27. Be1 h5 28. Bd2
Kg7 29. Bc1 Rh8 30. Bb2 Ref8 31. Rf3 h4 32. g4 hxg3 33. Rxg3 Rh5 34. Qf3 Kh7
35. Reg2 Qe8 36. Kf1 Bxb2 37. Rxb2 Rh6 38. Rbg2 Rg8 39. Qe2 Qf8 40. Qb2 Qg7 41.
Qxg7+ Rxg7 42. Kf2 Rh4 43. Kf3 Kh6 44. Ke3 Kh7 45. Kf3 Kh6 46. Ke3 Kh7 47. Rf3
Kh6 48. Rg5 Rh5 49. Rfg3 Rh4 50. Kf3 Kh7 51. Ke3 Kh6 52. Kf3 Kh7 53. Ke3 Kh6
54. Rf3 Rh5 55. Rg2 Rh4 56. Rfg3 Kh7 57. Kf3 Kh6 58. Ke3 Kh7 59. Rf3 Kh6 60.
Kf2 Kh7 61. Rg1 Kh6 62. Kg3 Kh5 63. Kh2 Kh6 64. Kg3 Kh5 65. Kh2 Kh6 66. Rg2 Rg8
67. Rg1 Rg7 68. Kg3 Kh5 69. Kf2 Kh6 70. Rg2 Rg8 71. Ke3 Rg7 72. Rfg3 Rg8 73.
Kf3 Rg7 74. Rh2 Kh7 75. Rg5 Kh6 76. Kg3 Rh5 77. h4 Rg8 78. Kh3 Rg7 79. Rhg2 Kh7
80. Rg1 Kh6 81. R1g3 Kh7 82. Rxh5+ gxh5 83. Rg5 Rxg5 84. fxg5 Kg7 85. Kg2 Kh7
86. Kf3 Kg7 87. Ke3 Kh7 88. Kf4 Kg6 89. Kf3 Kh7 90. Kf2 Kg8 91. Ke3 1/2-1/2

[Event "Campeonato de España por Equip"]
[Site "Burguillos"]
[Date "2009.08.06"]
[Round "2"]
[White "Serna Lara, Sergio"]
[Black "Dolezal, Cristian"]
[Result "0-1"]
[WhiteElo "2234"]
[BlackElo "2391"]
[PlyCount "122"]
[EventDate "2009.08.05"]
[EventType "team"]
[EventRounds "6"]
[EventCountry "ESP"]
[WhiteTeam "C.D.E. AJEDREZ TARAZONA"]
[BlackTeam "C.A. SILLA"]

1. d4 e6 2. e4 d5 3. Nd2 Nf6 4. e5 Nfd7 5. c3 c5 6. f4 cxd4 7. cxd4 Nb6 8. Ndf3
Nc6 9. Bd3 Nb4 10. Bb1 Bd7 11. a3 Nc6 12. b4 Ne7 13. Bd3 h5 14. Nh3 Nf5 15. O-O
g6 16. Bd2 Be7 17. Qe2 Kf8 18. Rfc1 Kg7 19. b5 Nc4 20. a4 a6 21. bxa6 Rxa6 22.
a5 Qa8 23. Nf2 b5 24. Bxf5 gxf5 25. Nd3 Nxd2 26. Qxd2 b4 27. Nxb4 Rxa5 28. Rxa5
Qxa5 29. Nd3 Qxd2 30. Nxd2 Bb5 31. Nc5 Ra8 32. Rb1 Ra2 33. Nf3 Be2 34. Rb7 Bxc5
35. dxc5 Bxf3 36. gxf3 Rc2 37. Rc7 Rc4 38. c6 Rxf4 39. Kf2 Rh4 40. Kg3 Rc4 41.
Rc8 f4+ 42. Kh4 d4 43. c7 d3 44. Rd8 Rxc7 45. Kg5 Rc2 46. h4 Re2 47. Kxf4 d2
48. Kg3 Kg6 49. Kf4 Kg7 50. Kg3 Kh7 51. Kf4 Kg6 52. Rg8+ Kh6 53. Rd8 Kg7 54.
Kg3 f6 55. exf6+ Kxf6 56. Kf4 e5+ 57. Kg3 Ke7 58. Rd3 e4 59. fxe4 Re3+ 60. Rxe3
d1=Q 61. Rf3 Qg1+ 0-1